| 000 | 01071nam a2200121Ia 4500 | ||
|---|---|---|---|
| 008 | 220620s9999||||xx |||||||||||||| ||und|| | ||
| 100 | _aFoo, Dominic||El-Halwagi, Mahmoud | ||
| 245 | 0 | _aProcess Design, Integration, and Intensification | |
| 546 | _aEnglish[eng] | ||
| 650 | _ainput shaping||n/a||integrating||flexibility index||breakthrough||mixing||membrane distillation||regulatory||utilisation index||experimental||underdamped||PMPS particles||EDCs||phytomedicines||natural products||reactive distillation||optimisation||optimization||multiple steady state||steady state simulation||design||CFD-simulation||manufacturing||compartmental modeling||energy||surrogate-based optimization||adsorption||feasible operating range analysis||model order reduction||competing reaction system||desalination||extraction||water||mathematical programming||graphical approach||hydraulic fracturing||unstable||humidification||reaction conversion||dehumidification||TAME synthesis||fixed-bed column||predictive control | ||
| 856 | _uhttps://mdpi.com/books/pdfview/book/1321 | ||
| 942 | _cEB | ||
| 999 |
_c31987 _d31987 |
||